[Event "MNT-ch U18"]
[Site "Cetinje"]
[Date "2024.06.16"]
[Round "2"]
[White "Raonic, Ljubisav"]
[Black "Perkovic, Zaharije"]
[Result "0-1"]
[WhiteElo "1632"]
[BlackElo "1762"]
[PlyCount "99"]
[EventDate "2024.06.15"]
[EventType "swiss"]
[EventRounds "9"]
[EventCountry "MNE"]
[SourceTitle "EXT 2025"]
[Source "ChessBase"]
[SourceDate "2024.10.14"]
[SourceVersion "1"]
[SourceVersionDate "2024.10.14"]
[SourceQuality "1"]
[WhiteTeam "MNE"]
[BlackTeam "MNE"]

1. e4 c5 2. Nf3 Nc6 3. d4 cxd4 4. Nxd4 g6 5. c4 Bg7 6. Be3 Nf6 7. Nc3 0-0 8. Be2 e6 9. Ndb5 a6 10. Nd6 Ne8 11. c5 e5 12. Nc4 Nc7 13. Na4 Nd4 14. Nab6 Rb8 15. Nd6 Nce6 16. Rc1 Nf4 17. Bxf4 exf4 18. 0-0 h5 19. Rc4 Nc6 20. Ndxc8 Rxc8 21. Nxc8 Qxc8 22. b3 Ne5 23. Rc2 Qd8 24. Qd5 Qg5 25. f3 h4 26. h3 Rb8 27. Qd6 Qd8 28. Rd1 Rc8 29. Rd5 Rc6 30. Rd1 Rxd6 31. cxd6 Nc6 32. Rc4 Qb6+ 33. Kh1 Kh7 34. Rcc1 Qf2 35. Bc4 Ne5 36. Bf1 Qxa2 37. Rc7 Qxb3 38. Rd5 Qb4 39. Rc8 g5 40. Re8 Qc3 41. Rb8 Qb2 42. Rc5 Qa1 43. Rxb7 Qxf1+ 44. Kh2 Qf2 45. Rxe5 Bxe5 46. Rxd7 Bxd6 47. Rxd6 a5 48. Rd5 a4 49. Rxg5 Qg3+ 50. Rxg3 0-1